000 00258nam a2200121Ia 4500
008 190216s9999||||xx |||||||||||||| ||und||
100 _aBatty
245 0 _aManagement Accounting
260 _bNull
_c1970
300 _a893p
650 _aCommerce
942 _cBK
999 _c4123
_d4123